00556 2200181 4500001002100000005001500021035002000036007000300056008004100059020002200100082000800122084001400130100002900144245009900173260003500272300004600307700002100353INLIS00000000000048620210108091917 a0010-0121000025ta210108 0 ind  a978-979-662-732-5 a306 a306 SRI m0 aSri Muhammad Kusumantoro1 aMenciptakan Keteraturan Melalui Lembaga Sosial /cSri Muhammad Kusumantoro •Farida Rahmawati aKlaten :bCempaka Putih,c2018 aviii + 72 hlm :bilus. ;c21 cm x 29.7 cm0 aFarida Rahmawati